[Event "Campeonato de Europa 2011 Femenino"]
[Site "Tbilisi GEO"]
[Date "2011.05.17"]
[Round "10.46"]
[White "Imnadze, Nato"]
[Black "Gavasheli, Ana"]
[Result "1/2-1/2"]
[WhiteElo "1962"]
[BlackElo "2160"]
[PlyCount "134"]
[EventDate "2011.05.07"]
[EventType "swiss"]
[EventRounds "11"]
[EventCountry "GEO"]
[Source "lmi"]
[SourceDate "2011.05.07"]

1. e4 c6 2. d3 d5 3. Nd2 d4 4. g3 g6 5. Bg2 Bg7 6. Ne2 e5 7. f4 exf4 8. Nxf4
Nf6 9. O-O O-O 10. h3 Nbd7 11. b3 Ne5 12. Ba3 Re8 13. Nf3 Nxf3+ 14. Qxf3 Nd7
15. Qf2 Ne5 16. Rad1 Qa5 17. Bb2 Rd8 18. a3 Be6 19. Kh1 c5 20. Nxe6 fxe6 21.
Bc1 Rf8 22. Qe2 b5 23. h4 Qa6 24. Bh3 Rae8 25. h5 c4 26. h6 cxd3 27. cxd3 Bf6
28. Bb2 Qd6 29. Bc1 Nd7 30. Kg2 Be5 31. Rxf8+ Nxf8 32. Qf3 Nd7 33. b4 Rc8 34.
Rf1 Rf8 35. Qg4 Rxf1 36. Kxf1 Kf7 37. Bg5 Bxg3 38. Qf3+ Ke8 39. Bxe6 Qxe6 40.
Qxg3 Ne5 41. Ke1 Kd7 42. Bf4 Nc6 43. Bb8 Ke8 44. Qc7 Qd7 45. Qg3 Qc8 46. Bd6
Qe6 47. Bc5 Qa2 48. Qf3 Qf7 49. Qg4 Kd8 50. Qg5+ Kd7 51. Qg3 Qf6 52. Ke2 a6 53.
Bb6 Qd6 54. Qg4+ Qe6 55. Qf4 Ke8 56. Bc5 Qa2+ 57. Ke1 Qb1+ 58. Kf2 Qc2+ 59. Kg1
Qd1+ 60. Kf2 Qc2+ 61. Kg3 Qxd3+ 62. Kh4 Ne7 63. Qe5 g5+ 64. Kg4 Qe2+ 65. Kxg5
Qg2+ 66. Kh4 Qh1+ 67. Kg3 Qg1+ 1/2-1/2

[Event "Campeonato de Europa 2011 Femenino"]
[Site "Tbilisi GEO"]
[Date "2011.05.17"]
[Round "10.48"]
[White "Makka, Ioulia"]
[Black "Umudova, Nargiz"]
[Result "0-1"]
[WhiteElo "2101"]
[BlackElo "2230"]
[PlyCount "106"]
[EventDate "2011.05.07"]
[EventType "swiss"]
[EventRounds "11"]
[EventCountry "GEO"]
[Source "lmi"]
[SourceDate "2011.05.07"]

1. e4 c5 2. Nf3 Nc6 3. d4 cxd4 4. Nxd4 Nf6 5. Nc3 e5 6. Ndb5 d6 7. Bg5 a6 8.
Na3 b5 9. Nd5 Be7 10. Bxf6 Bxf6 11. c4 Bg5 12. b4 bxc4 13. Bxc4 O-O 14. O-O Kh8
15. Qd3 f5 16. Nc2 fxe4 17. Qxe4 Bf5 18. Qe2 Bg6 19. Bd3 Bf7 20. Be4 Ra7 21.
Rad1 Qb8 22. Qg4 Bh6 23. Qh3 a5 24. Rb1 axb4 25. Ncxb4 Nxb4 26. Nxb4 Qe8 27.
Kh1 Bc4 28. Bd3 Be6 29. Qh4 Rf4 30. Qg3 e4 31. Be2 d5 32. Qc3 Bg5 33. Qc5 Ra8
34. Na6 Rc8 35. Qd4 Bf6 36. Qe3 Be5 37. g3 d4 38. Qd2 Rf8 39. Qa5 Bg8 40. Rb5
Bf6 41. a4 Qd7 42. Nc5 Qc6 43. Kg1 d3 44. Bg4 Rcd8 45. Rb6 Qd5 46. Rb5 e3 47.
fxe3 Bg5 48. Ne4 Qxe4 49. Rxg5 Qxe3+ 50. Kg2 Rxf1 51. Kxf1 Rf8+ 52. Kg2 Qf2+
53. Kh3 d2 0-1

[Event "Campeonato de Europa 2011 Femenino"]
[Site "Tbilisi GEO"]
[Date "2011.05.17"]
[Round "10.49"]
[White "Semenova, Elena"]
[Black "Khalafova, Narmin Ilgar qizi"]
[Result "0-1"]
[WhiteElo "2188"]
[BlackElo "2065"]
[PlyCount "102"]
[EventDate "2011.05.07"]
[EventType "swiss"]
[EventRounds "11"]
[EventCountry "GEO"]
[Source "lmi"]
[SourceDate "2011.05.07"]

1. d4 Nf6 2. Nc3 d5 3. Bg5 c6 4. e3 Bf5 5. Bxf6 exf6 6. Bd3 Bxd3 7. Qxd3 Bd6 8.
Nf3 O-O 9. O-O g6 10. e4 dxe4 11. Nxe4 Bc7 12. Rad1 f5 13. Nc3 Qf6 14. d5 Rd8
15. Qc4 Bd6 16. Rfe1 b5 17. Qd4 Qxd4 18. Rxd4 c5 19. Rdd1 a6 20. a4 b4 21. Nb1
Nd7 22. c4 bxc3 23. Nxc3 Rab8 24. Rd2 Nb6 25. Rc2 Nc4 26. Ree2 Rb7 27. Ne1 Na5
28. h4 Nb3 29. Re3 Nd4 30. Rd2 Bf4 31. Nd3 Bxe3 32. fxe3 Nb3 33. Rc2 Re7 34.
Kf2 Kf8 35. Nf4 Rb7 36. Ke2 Rb4 37. g3 c4 38. Kd1 Nc5 39. Kd2 Nxa4 40. Nxa4
Rxa4 41. Kc3 Rb8 42. Re2 Rb3+ 43. Kc2 Ke7 44. e4 fxe4 45. Rxe4+ Kd7 46. Ne2 Ra2
47. Nc3 Rbxb2+ 48. Kc1 Rc2+ 49. Kb1 Rab2+ 50. Ka1 Rb3 51. Ne2 c3 0-1

[Event "Campeonato de Europa 2011 Femenino"]
[Site "Tbilisi GEO"]
[Date "2011.05.17"]
[Round "10.51"]
[White "Bokuchava, Madona"]
[Black "Jalabadze, Natia"]
[Result "1/2-1/2"]
[WhiteElo "2115"]
[BlackElo "2052"]
[PlyCount "130"]
[EventDate "2011.05.07"]
[EventType "swiss"]
[EventRounds "11"]
[EventCountry "GEO"]
[Source "lmi"]
[SourceDate "2011.05.07"]

1. d4 Nf6 2. c4 e6 3. Nf3 b6 4. g3 Ba6 5. b3 Bb4+ 6. Bd2 Be7 7. Bg2 c6 8. Bc3
d5 9. O-O O-O 10. Nbd2 Bb7 11. Ne5 Na6 12. e4 c5 13. exd5 exd5 14. Re1 cxd4 15.
Bxd4 Nc5 16. Ng4 dxc4 17. Nxc4 Bxg2 18. Kxg2 Nxg4 19. Qxg4 Bf6 20. Rad1 h5 21.
Bxf6 hxg4 22. Bxd8 Rfxd8 23. Ne5 f5 24. b4 Ne4 25. Nc6 Rxd1 26. Rxd1 Kf8 27.
Rd7 Rc8 28. b5 Nc3 29. Nd4 Nxa2 30. Ne6+ Kg8 31. Rxg7+ Kh8 32. Rxa7 Nc3 33. Rf7
Nxb5 34. Rxf5 Nd6 35. Rd5 Nf7 36. h4 Nh6 37. Rb5 Rc6 38. Nf4 Nf7 39. h5 Kg7 40.
Rd5 Kh6 41. Rf5 Ng5 42. Rb5 Ne4 43. Nd5 Nc3 44. Nxc3 Rxc3 45. Kf1 Ra3 46. Ke2
Ra5 47. Rxb6+ Kxh5 48. Rb3 Kg5 49. Rb4 Re5+ 50. Kd3 Rf5 51. Rb2 Ra5 52. Kc4 Kf5
53. Kd4 Ra4+ 54. Kd3 Ra5 55. Rc2 Ra3+ 56. Ke2 Ra5 57. Rb2 Re5+ 58. Kd3 Ra5 59.
Rb4 Rd5+ 60. Ke3 Ra5 61. Rf4+ Kg5 62. Ke4 Ra4+ 63. Ke5 Ra5+ 64. Ke6 Ra6+ 65.
Kd5 Ra5+ 1/2-1/2

[Event "Campeonato de Europa 2011 Femenino"]
[Site "Tbilisi GEO"]
[Date "2011.05.17"]
[Round "10.53"]
[White "Unapkoshvili, Nani"]
[Black "Fataliyeva, Ulviyya Hasil qizi"]
[Result "1-0"]
[WhiteElo "1970"]
[BlackElo "2105"]
[PlyCount "129"]
[EventDate "2011.05.07"]
[EventType "swiss"]
[EventRounds "11"]
[EventCountry "GEO"]
[Source "lmi"]
[SourceDate "2011.05.07"]

1. e4 e6 2. d3 d5 3. Nd2 Nf6 4. Ngf3 Bc5 5. h3 Nc6 6. g3 dxe4 7. dxe4 e5 8. Bg2
O-O 9. O-O a5 10. Qe2 b6 11. Nb3 Ba6 12. c4 Be7 13. a4 Ne8 14. Be3 Bb4 15. Qc2
Nd6 16. Nbd2 Qe7 17. Rfd1 Bxd2 18. Nxd2 Nb4 19. Qc3 c5 20. b3 Bb7 21. f3 f5 22.
Rf1 Rad8 23. Rae1 f4 24. gxf4 exf4 25. Bf2 Nf7 26. Re2 Rd3 27. Qb2 Ne5 28. Kh1
Rd6 29. Bg1 Rh6 30. Nb1 Rff6 31. Nc3 Nbd3 32. Qd2 Rfg6 33. Nd5 Qf8 34. Bh2 Rh4
35. Qc3 Qd6 36. Rd2 Bxd5 37. exd5 Nb4 38. Re2 Nd7 39. Qe1 Rhh6 40. Re8+ Nf8 41.
Qe4 Rf6 42. Ra8 g5 43. Re1 Rf7 44. Qe8 Qd7 45. Qe4 Rg6 46. Re2 Qb7 47. Re8 Qd7
48. Bf1 Qf5 49. Qxf5 Rxf5 50. R2e7 Rf7 51. Re5 Kg7 52. Bg1 h5 53. Be2 Kh6 54.
Kg2 Rd6 55. Bf2 Ng6 56. R5e6 Rf6 57. Re4 Na2 58. Be1 Nc1 59. Bd1 Nd3 60. Bc3
Rf7 61. R4e6 Rxe6 62. Rxe6 Nb4 63. Bxb4 axb4 64. Bc2 Rg7 65. Rxb6 1-0

[Event "Campeonato de Europa 2011 Femenino"]
[Site "Tbilisi GEO"]
[Date "2011.05.17"]
[Round "10.55"]
[White "Mammadova, Aysel Alishiraz Qiz"]
[Black "Alexanian, Nelli"]
[Result "1-0"]
[WhiteElo "1964"]
[BlackElo "2141"]
[PlyCount "137"]
[EventDate "2011.05.07"]
[EventType "swiss"]
[EventRounds "11"]
[EventCountry "GEO"]
[Source "lmi"]
[SourceDate "2011.05.07"]

1. e4 e6 2. d4 d5 3. exd5 exd5 4. Bd3 Bd6 5. Nf3 Ne7 6. O-O Bf5 7. Bxf5 Nxf5 8.
Re1+ Ne7 9. Ne5 O-O 10. Qg4 c5 11. c3 Nbc6 12. Bg5 Qc8 13. Qxc8 Rfxc8 14. Nxc6
Nxc6 15. dxc5 Bxc5 16. Nd2 f6 17. Bf4 g5 18. Be3 d4 19. cxd4 Bxd4 20. Bxd4 Nxd4
21. Re7 f5 22. Rxb7 Rc2 23. Nf3 Rac8 24. h3 Ne2+ 25. Kh2 g4 26. Ne5 Nf4 27. Rd1
gxh3 28. gxh3 R2c7 29. Rxc7 Rxc7 30. Rd2 Kg7 31. Kg3 Nh5+ 32. Kf3 Kf6 33. Rd7
Rc2 34. Nd3 a5 35. Rxh7 Ng7 36. Rh6+ Kf7 37. Ra6 Ne6 38. Rxa5 Ng5+ 39. Kf4
Nxh3+ 40. Kxf5 Nxf2 41. Ne5+ Ke7 42. Ra7+ Kd8 43. b4 Rb2 44. a4 Kc8 45. b5 Nd1
46. Ra6 Kb7 47. Nd3 Rc2 48. a5 Nb2 49. Nxb2 Rxb2 50. Rb6+ Ka7 51. Ke4 Ra2 52.
Ra6+ Kb7 53. Kd4 Ra1 54. Kc3 Ra4 55. Kb3 Ra1 56. Rb6+ Ka7 57. Kb4 Rb1+ 58. Kc5
Rc1+ 59. Kd5 Rd1+ 60. Kc6 Rh1 61. Rb7+ Ka8 62. Rd7 Rc1+ 63. Kb6 Rc8 64. Ka6 Rh8
65. b6 Kb8 66. Rd5 Kc8 67. Ka7 Rh7+ 68. Ka8 Ra7+ 69. bxa7 1-0

[Event "Campeonato de Europa 2011 Femenino"]
[Site "Tbilisi GEO"]
[Date "2011.05.17"]
[Round "10.56"]
[White "Gogishvili, Dea"]
[Black "Martirosyan, Lia"]
[Result "0-1"]
[WhiteElo "1856"]
[BlackElo "2093"]
[PlyCount "100"]
[EventDate "2011.05.07"]
[EventType "swiss"]
[EventRounds "11"]
[EventCountry "GEO"]
[Source "lmi"]
[SourceDate "2011.05.07"]

1. e4 c6 2. d4 d5 3. exd5 cxd5 4. c4 Nf6 5. Nc3 e6 6. Nf3 Be7 7. cxd5 Nxd5 8.
Bd3 Nc6 9. O-O O-O 10. Re1 Bf6 11. Be4 Nce7 12. Qd3 h6 13. Ne5 Nxc3 14. Qxc3
Nf5 15. Be3 a5 16. Rad1 Nxe3 17. Qxe3 Qb6 18. Ng4 Bg5 19. f4 Be7 20. Qg3 Rd8
21. Nxh6+ Kf8 22. Nxf7 Kxf7 23. Bg6+ Kf8 24. Qh3 Bf6 25. f5 Ke7 26. Kh1 Rxd4
27. Qh8 Rd8 28. Qh3 e5 29. Rxd8 Qxd8 30. Qb3 Qd2 31. Rd1 Qxd1+ 32. Qxd1 Ra6 33.
Qa4 Bd7 34. Qc4 Rd6 35. h3 Kd8 36. Kh2 Bc6 37. Qc5 Rd5 38. Qb6+ Kd7 39. Qe3 Rd4
40. Bf7 Kc7 41. g4 Be7 42. Kg3 Re4 43. Qc3 Bb4 44. Qc2 Be1+ 45. Kh2 Rd4 46. Qc5
Bb4 47. Qc1 Bd2 48. Qc2 Be3 49. h4 Rd2+ 50. Qxd2 Bxd2 0-1

[Event "Campeonato de Europa 2011 Femenino"]
[Site "Tbilisi GEO"]
[Date "2011.05.17"]
[Round "10.58"]
[White "Rizhamadze, Patman"]
[Black "Asgarova, Turan Nizami qizi"]
[Result "0-1"]
[WhiteElo "2052"]
[BlackElo "1957"]
[PlyCount "76"]
[EventDate "2011.05.07"]
[EventType "swiss"]
[EventRounds "11"]
[EventCountry "GEO"]
[Source "lmi"]
[SourceDate "2011.05.07"]

1. d4 Nf6 2. c4 g6 3. Nc3 Bg7 4. e4 d6 5. f3 O-O 6. Be3 e5 7. d5 c6 8. Bd3 cxd5
9. cxd5 Nh5 10. Nge2 f5 11. exf5 gxf5 12. O-O Kh8 13. Qc2 Na6 14. a3 Nc5 15.
Bc4 Rg8 16. Kh1 Bf8 17. b4 Na6 18. Rg1 Qh4 19. Bxa6 f4 20. g3 Qh3 21. Nxf4 exf4
22. Bf1 Qd7 23. Bd4+ Bg7 24. Bxg7+ Qxg7 25. g4 Nf6 26. Rc1 Bd7 27. Qd2 Qg5 28.
Bb5 Be8 29. Qd4 Rg7 30. Ne4 Nxe4 31. Qxe4 a6 32. Bd3 Bd7 33. Rge1 h5 34. Rg1
hxg4 35. fxg4 Re8 36. Qg2 Bxg4 37. Be4 Qh4 38. Rce1 Rxe4 0-1

[Event "Campeonato de Europa 2011 Femenino"]
[Site "Tbilisi GEO"]
[Date "2011.05.17"]
[Round "10.59"]
[White "Mumladze, Maia"]
[Black "Edes, Zsofia"]
[Result "0-1"]
[WhiteElo "1517"]
[BlackElo "2043"]
[PlyCount "62"]
[EventDate "2011.05.07"]
[EventType "swiss"]
[EventRounds "11"]
[EventCountry "GEO"]
[Source "lmi"]
[SourceDate "2011.05.07"]

1. d4 Nf6 2. Nf3 e6 3. Bf4 c5 4. e3 Qb6 5. Qc1 Nc6 6. c3 d6 7. h3 Bd7 8. Nbd2
d5 9. Bd3 Rc8 10. Bc2 a5 11. O-O Be7 12. Ne5 O-O 13. Ndf3 Be8 14. Rb1 Ne4 15.
Nd2 f5 16. Nxe4 fxe4 17. Qd2 Bf6 18. Ng4 Bh4 19. Bd6 Be7 20. dxc5 Qd8 21. Bxe7
Qxe7 22. b4 h5 23. Nh2 Ne5 24. Bd1 Qg5 25. Be2 Nf3+ 26. Bxf3 exf3 27. g4 Qh4
28. Kh1 Bg6 29. Rbe1 Be4 30. Rg1 Rf6 31. Rg3 Qxg3 0-1

[Event "Campeonato de Europa 2011 Femenino"]
[Site "Tbilisi GEO"]
[Date "2011.05.17"]
[Round "10.60"]
[White "Lauterbach, Ingrid"]
[Black "Khomeriki, Nino"]
[Result "0-1"]
[WhiteElo "2100"]
[BlackElo "1832"]
[PlyCount "70"]
[EventDate "2011.05.07"]
[EventType "swiss"]
[EventRounds "11"]
[EventCountry "GEO"]
[Source "lmi"]
[SourceDate "2011.05.07"]

1. e4 c5 2. Nf3 g6 3. d3 Bg7 4. g3 Nc6 5. Bg2 d6 6. O-O e5 7. c3 Nge7 8. Nh4
O-O 9. f4 f5 10. Nd2 Be6 11. Ndf3 h6 12. Be3 b6 13. Qd2 Kh7 14. Qe2 Qe8 15. Qc2
Rc8 16. Rae1 Qd7 17. Bc1 c4 18. exf5 gxf5 19. Bh3 cxd3 20. Qxd3 e4 21. Rxe4
fxe4 22. Qxe4+ Nf5 23. g4 Qf7 24. gxf5 Bd5 25. Qc2 Bf6 26. Ng6 Rg8 27. Be3 Rce8
28. Qd2 Ne7 29. Kf2 Bxf3 30. Kxf3 Nxg6 31. fxg6+ Qxg6 32. Qd5 Kh8 33. Rg1 Rxe3+
34. Kxe3 Qxg1+ 35. Ke2 Qxh2+ 0-1

[Event "Campeonato de Europa 2011 Femenino"]
[Site "Tbilisi GEO"]
[Date "2011.05.17"]
[Round "10.61"]
[White "Guliyeva, Sabina Ilqar qizi"]
[Black "Choladze, Mariam"]
[Result "1-0"]
[WhiteElo "2040"]
[BlackElo "1818"]
[PlyCount "81"]
[EventDate "2011.05.07"]
[EventType "swiss"]
[EventRounds "11"]
[EventCountry "GEO"]
[Source "lmi"]
[SourceDate "2011.05.07"]

1. e4 c5 2. Nf3 d6 3. d4 cxd4 4. Nxd4 Nf6 5. Nc3 a6 6. Be2 e5 7. Nb3 Be7 8. O-O
O-O 9. Kh1 Nc6 10. f4 b5 11. a3 Qc7 12. f5 Bb7 13. Bf3 b4 14. axb4 Nxb4 15. Na5
Rfd8 16. Bg5 Bc8 17. g4 Rb8 18. Qd2 h6 19. Be3 Nc6 20. Nb3 Bb7 21. g5 hxg5 22.
Bxg5 Nb4 23. Rg1 d5 24. Bxf6 Bxf6 25. exd5 Qc4 26. Rg4 e4 27. Nxe4 Nxd5 28.
Nxf6+ Nxf6 29. Rxc4 Bxf3+ 30. Kg1 Rxd2 31. Nxd2 Bd5 32. Rd4 Rxb2 33. Rxa6 Bb7
34. Ra7 Kf8 35. Rd8+ Ne8 36. Nc4 Rxc2 37. Nd6 Bc6 38. Rxf7+ Kg8 39. Re7 Rd2 40.
Rexe8+ Bxe8 41. Rxe8+ 1-0

[Event "Campeonato de Europa 2011 Femenino"]
[Site "Tbilisi GEO"]
[Date "2011.05.17"]
[Round "10.62"]
[White "Kobeshavidze, Lika"]
[Black "Boyard, Marie"]
[Result "1-0"]
[WhiteElo "1988"]
[BlackElo "1989"]
[PlyCount "65"]
[EventDate "2011.05.07"]
[EventType "swiss"]
[EventRounds "11"]
[EventCountry "GEO"]
[Source "lmi"]
[SourceDate "2011.05.07"]

1. e4 e5 2. Nc3 Nc6 3. g3 Bc5 4. Bg2 a6 5. Nge2 d6 6. h3 Be6 7. O-O Qd7 8. Kh2
Nge7 9. f4 f5 10. d3 O-O-O 11. a3 h5 12. b4 Bb6 13. Nd5 h4 14. Nxb6+ cxb6 15.
g4 fxg4 16. f5 g3+ 17. Kh1 Bf7 18. c4 Bh5 19. Be3 Nd4 20. Bxd4 exd4 21. Qc2
Bxe2 22. Qxe2 Nc6 23. Qb2 Kc7 24. Rab1 Ne5 25. Qxd4 Qa4 26. Qc3 Rde8 27. c5
dxc5 28. bxc5 b5 29. Rb4 Qa5 30. d4 Nc6 31. d5 Ne5 32. a4 bxa4 33. Rxb7+ 1-0

[Event "Campeonato de Europa 2011 Femenino"]
[Site "Tbilisi GEO"]
[Date "2011.05.17"]
[Round "10.64"]
[White "Novkovic, Julia"]
[Black "Soyunlu, Narmin Asat qizi"]
[Result "1-0"]
[WhiteElo "2120"]
[BlackElo "1884"]
[PlyCount "85"]
[EventDate "2011.05.07"]
[EventType "swiss"]
[EventRounds "11"]
[EventCountry "GEO"]
[Source "lmi"]
[SourceDate "2011.05.07"]

1. e4 e6 2. d3 d5 3. Nd2 c5 4. g3 g6 5. Bg2 Bg7 6. Ne2 Nc6 7. O-O Nge7 8. Re1
O-O 9. Nf1 e5 10. c3 Be6 11. h3 Qd7 12. Kh2 f5 13. exf5 gxf5 14. f4 e4 15. Ng1
Rae8 16. Qc2 Nc8 17. dxe4 fxe4 18. g4 Nd6 19. Ng3 Bf7 20. N1e2 d4 21. Nxe4 Nxe4
22. Bxe4 Rxe4 23. Qxe4 d3 24. Be3 Re8 25. Qf3 Bd5 26. Qf2 dxe2 27. Rxe2 b6 28.
Ree1 Nd8 29. Rad1 Qf7 30. a3 Nb7 31. Bc1 Rxe1 32. Rxe1 Nd6 33. f5 Ne4 34. Qf4
Qb7 35. g5 Bf8 36. Kg1 Bd6 37. Qg4 c4 38. f6 Kh8 39. Qf5 Bg3 40. Rxe4 Bxe4 41.
f7 Bh2+ 42. Kf2 Bg3+ 43. Ke3 1-0

[Event "Campeonato de Europa 2011 Femenino"]
[Site "Tbilisi GEO"]
[Date "2011.05.17"]
[Round "10.65"]
[White "Javakhishvili, Mariam"]
[Black "Gumberidze, Nino"]
[Result "0-1"]
[WhiteElo "1491"]
[BlackElo "1664"]
[PlyCount "70"]
[EventDate "2011.05.07"]
[EventType "swiss"]
[EventRounds "11"]
[EventCountry "GEO"]
[Source "lmi"]
[SourceDate "2011.05.07"]

1. Nf3 d5 2. b3 Bf5 3. Bb2 e6 4. e3 Nf6 5. Be2 Be7 6. O-O h6 7. Qe1 O-O 8. c4
Nc6 9. Na3 Nb4 10. Qc1 Nd3 11. Bxd3 Bxd3 12. Re1 Ne4 13. Ne5 dxc4 14. Naxc4
Bxc4 15. Nxc4 Bb4 16. Bc3 Bxc3 17. dxc3 Qf6 18. f3 Nxc3 19. Qc2 Rfd8 20. Rac1
Nd5 21. a3 c6 22. b4 Ne7 23. Red1 Rd5 24. Nd6 b6 25. e4 Rg5 26. Qa4 Qxf3 27.
Qc2 Rd8 28. a4 Qf6 29. Kh1 Rh5 30. h3 Ng6 31. Qxc6 Nf4 32. Rf1 Qg5 33. Rc2 Qg3
34. Rff2 Nxh3 35. e5 Nxf2+ 0-1

[Event "Campeonato de Europa 2011 Femenino"]
[Site "Tbilisi GEO"]
[Date "2011.05.18"]
[Round "11.3"]
[White "Bodnaruk, Anastasia"]
[Black "Kosintseva, Tatiana"]
[Result "1/2-1/2"]
[WhiteElo "2419"]
[BlackElo "2559"]
[PlyCount "60"]
[EventDate "2011.05.07"]
[EventType "swiss"]
[EventRounds "11"]
[EventCountry "GEO"]
[Source "lmi"]
[SourceDate "2011.05.07"]

1. e4 c5 2. Nc3 d6 3. Nge2 Nc6 4. d4 cxd4 5. Nxd4 e6 6. g4 h6 7. h3 Nf6 8. Bg2
Bd7 9. Be3 Nxd4 10. Qxd4 Qa5 11. O-O Be7 12. f4 Bc6 13. b4 Qc7 14. b5 Bd7 15.
e5 Rc8 16. b6 axb6 17. Na4 Nd5 18. Bxd5 exd5 19. Nxb6 dxe5 20. fxe5 Bc5 21.
Qxc5 Qxc5 22. Bxc5 Rxc5 23. Nxd7 Kxd7 24. Rxf7+ Ke6 25. Rxb7 Rxc2 26. Re1 Ra8
27. Rb6+ Ke7 28. Rb7+ Ke6 29. Rb6+ Ke7 30. Rb7+ Ke6 1/2-1/2

[Event "Campeonato de Europa 2011 Femenino"]
[Site "Tbilisi GEO"]
[Date "2011.05.18"]
[Round "11.4"]
[White "Khotenashvili, Bela"]
[Black "Muzychuk, Anna"]
[Result "1/2-1/2"]
[WhiteElo "2470"]
[BlackElo "2537"]
[PlyCount "50"]
[EventDate "2011.05.07"]
[EventType "swiss"]
[EventRounds "11"]
[EventCountry "GEO"]
[Source "lmi"]
[SourceDate "2011.05.07"]

1. d4 Nf6 2. Nf3 e6 3. c4 c5 4. Nc3 cxd4 5. Nxd4 Bb4 6. Bd2 O-O 7. g3 Nc6 8.
Nc2 Be7 9. Bg2 d5 10. cxd5 exd5 11. Be3 Be6 12. O-O Rc8 13. Nd4 Ng4 14. Nxe6
fxe6 15. Bh3 h5 16. Bxg4 hxg4 17. Qa4 d4 18. Rad1 e5 19. Qb3+ Kh8 20. Ne4 Qd7
21. Bd2 Qf5 22. Qd3 Bb4 23. Bg5 Be7 24. Bd2 Bb4 25. Bg5 Be7 1/2-1/2

[Event "Campeonato de Europa 2011 Femenino"]
[Site "Tbilisi GEO"]
[Date "2011.05.18"]
[Round "11.7"]
[White "Khukhashvili, Sopiko"]
[Black "Cramling, Pia"]
[Result "1/2-1/2"]
[WhiteElo "2421"]
[BlackElo "2468"]
[PlyCount "108"]
[EventDate "2011.05.07"]
[EventType "swiss"]
[EventRounds "11"]
[EventCountry "GEO"]
[Source "lmi"]
[SourceDate "2011.05.07"]

1. e4 c5 2. Nf3 Nf6 3. e5 Nd5 4. c4 Nc7 5. d4 cxd4 6. Qxd4 Nc6 7. Qe4 d5 8.
exd6 Qxd6 9. Nc3 Qe6 10. Bd3 Bd7 11. O-O Qxe4 12. Bxe4 g6 13. Nd5 Rc8 14. Be3
Bg7 15. Rad1 Bg4 16. h3 Bxf3 17. Bxf3 O-O 18. Nxc7 Rxc7 19. b3 h5 20. Rd2 Bc3
21. Rd3 Bb4 22. Bxc6 bxc6 23. Rfd1 Bd6 24. c5 Be5 25. Bd2 Rb7 26. Ba5 Kg7 27.
Bd8 Kf6 28. Rd7 Rxd7 29. Rxd7 Re8 30. Ba5 Bb8 31. Rb7 Ke6 32. Kf1 Kd5 33. b4 g5
34. Ke2 f5 35. Kd3 g4 36. h4 a6 37. a3 e5 38. Rd7+ Ke6 39. Rh7 Kd5 40. Rxh5 e4+
41. Ke2 Rf8 42. g3 Be5 43. Rh6 e3 44. fxe3 Bxg3 45. Rh7 Be5 46. Bc7 Bxc7 47.
Rxc7 Rh8 48. Rd7+ Kc4 49. Rd4+ Kb3 50. Rd6 Kxa3 51. Rxc6 Kxb4 52. Rxa6 Kxc5 53.
Ra5+ Kd6 54. Rxf5 Rxh4 1/2-1/2

[Event "Campeonato de Europa 2011 Femenino"]
[Site "Tbilisi GEO"]
[Date "2011.05.18"]
[Round "11.8"]
[White "Foisor, Cristina-Adela"]
[Black "Ushenina, Anna"]
[Result "1-0"]
[WhiteElo "2414"]
[BlackElo "2468"]
[PlyCount "87"]
[EventDate "2011.05.07"]
[EventType "swiss"]
[EventRounds "11"]
[EventCountry "GEO"]
[Source "lmi"]
[SourceDate "2011.05.07"]

1. Nf3 Nf6 2. g3 g6 3. Bg2 Bg7 4. O-O O-O 5. c4 c6 6. d4 d5 7. b3 dxc4 8. bxc4
c5 9. Bb2 Ne4 10. Ne5 cxd4 11. Qxd4 Qxd4 12. Bxd4 Ng5 13. Bc3 Na6 14. Nd3 Ne6
15. Bxg7 Kxg7 16. Nc3 Nd4 17. Rab1 Rb8 18. Rb2 Rd8 19. Rd1 b6 20. Rbd2 Nf5 21.
Ne5 Rxd2 22. Rxd2 Be6 23. Nb5 Rc8 24. Bb7 Rc5 25. Nd3 Rxb5 26. cxb5 Nc7 27. Bc6
Nd6 28. a4 Bb3 29. Nb2 Kf6 30. f4 Ke6 31. e4 f6 32. Kf2 a6 33. a5 axb5 34. axb6
Na6 35. Bd5+ Bxd5 36. exd5+ Kd7 37. Kf3 Kd8 38. Rc2 Nb8 39. Nd3 Nd7 40. Rc6 Nb8
41. Nb4 Nc4 42. Re6 Kd7 43. Nc6 Nxc6 44. dxc6+ 1-0

[Event "Campeonato de Europa 2011 Femenino"]
[Site "Tbilisi GEO"]
[Date "2011.05.18"]
[Round "11.9"]
[White "Romanko, Marina"]
[Black "Hoang Thanh Trang"]
[Result "1/2-1/2"]
[WhiteElo "2387"]
[BlackElo "2456"]
[PlyCount "52"]
[EventDate "2011.05.07"]
[EventType "swiss"]
[EventRounds "11"]
[EventCountry "GEO"]
[Source "lmi"]
[SourceDate "2011.05.07"]

1. d4 e6 2. c4 f5 3. Nc3 Nf6 4. e3 d5 5. Bd3 c6 6. Nge2 Bd6 7. f3 O-O 8. Qc2
Kh8 9. O-O Qe7 10. c5 Bc7 11. b4 Nh5 12. Rb1 e5 13. dxe5 Bxe5 14. f4 Bc7 15.
Nd4 g6 16. Na4 a6 17. Nb6 Bxb6 18. cxb6 Nd7 19. Nf3 Nhf6 20. a4 Nxb6 21. Ne5
Be6 22. Bb2 Kg8 23. Bd4 Nbd7 24. Nxd7 Nxd7 25. a5 Rac8 26. Qd2 h5 1/2-1/2

[Event "Campeonato de Europa 2011 Femenino"]
[Site "Tbilisi GEO"]
[Date "2011.05.18"]
[Round "11.11"]
[White "Pogonina, Natalija"]
[Black "Paikidze, Nazi"]
[Result "1-0"]
[WhiteElo "2448"]
[BlackElo "2408"]
[PlyCount "85"]
[EventDate "2011.05.07"]
[EventType "swiss"]
[EventRounds "11"]
[EventCountry "GEO"]
[Source "lmi"]
[SourceDate "2011.05.07"]

1. e4 c6 2. d4 d5 3. f3 Qb6 4. Nc3 dxe4 5. Nxe4 Bf5 6. c3 Nd7 7. Bd3 e5 8. Ne2
exd4 9. cxd4 Bb4+ 10. Bd2 Ne7 11. O-O O-O 12. Bc3 Bg6 13. a3 Bxc3 14. bxc3 Nd5
15. Qd2 Qa5 16. a4 Rfd8 17. Kh1 Nf8 18. Rfb1 Rab8 19. Qg5 Qc7 20. a5 Ne6 21.
Qg3 Qe7 22. Qf2 Rbc8 23. Rd1 b6 24. Bc4 b5 25. Bb3 f5 26. N4g3 f4 27. Ne4 Bf7
28. Rd2 Kh8 29. Nc1 b4 30. cxb4 Nxb4 31. Ne2 Nd5 32. Ba2 Qb4 33. Nc1 Ne3 34.
Nd3 Qxa5 35. Qe1 Qf5 36. Ne5 Bg8 37. g4 fxg3 38. Qxe3 Nxd4 39. Nxg3 Qf6 40.
Rxd4 Rxd4 41. Qxd4 c5 42. Qc3 c4 43. Re1 1-0

[Event "Campeonato de Europa 2011 Femenino"]
[Site "Tbilisi GEO"]
[Date "2011.05.18"]
[Round "11.12"]
[White "Tsatsalashvili, Keti"]
[Black "Khurtsidze, Nino"]
[Result "1/2-1/2"]
[WhiteElo "2280"]
[BlackElo "2436"]
[PlyCount "70"]
[EventDate "2011.05.07"]
[EventType "swiss"]
[EventRounds "11"]
[EventCountry "GEO"]
[Source "lmi"]
[SourceDate "2011.05.07"]

1. d4 d5 2. c4 e6 3. Nc3 Be7 4. cxd5 exd5 5. Qc2 c6 6. Bf4 Bd6 7. Bg3 Ne7 8. e3
h5 9. Bd3 h4 10. Bxd6 Qxd6 11. h3 Be6 12. Nf3 Nd7 13. Rc1 Rh5 14. Ne2 g5 15. g4
hxg3 16. Nxg3 Rxh3 17. Rxh3 Bxh3 18. Nxg5 Bg4 19. Be2 Bxe2 20. Qxe2 Qg6 21. Qh5
Qxh5 22. Nxh5 Nf5 23. Ke2 Ke7 24. Nf4 Rh8 25. Nf3 Nf6 26. Nd2 Nd6 27. Nd3 Rh2
28. Nf3 Rh3 29. Nd2 Nd7 30. Nf4 Rh4 31. Nd3 Nf8 32. Nf4 Nf5 33. Nf3 Rh6 34. Rg1
Nd7 35. Nd3 Nd6 1/2-1/2